Dialogues apocryphes / (Record no. 170619)

MARC details
000 -LEADER
campo de control de longitud fija 00916nam a2200241 4500
001 - NÚMERO DE CONTROL
campo de control 170619
003 - IDENTIFICADOR DE NÚMERO DE CONTROL
campo de control ES-MaACL
005 - FECHA Y HORA DE LA ÚLTIMA TRANSACCIÓN
campo de control 20230906214422.0
007 - CAMPO FIJO DE DESCRIPCIÓN FÍSICA--INFORMACIÓN GENERAL
campo de control de longitud fija t|
008 - DATOS DE LONGITUD FIJA--INFORMACIÓN GENERAL
campo de control de longitud fija 090324s1930 fr r ||||1| fre d
080 ## - NÚMERO DE LA CLASIFICACIÓN DECIMAL UNIVERSAL
Número de la Clasificación Decimal Universal 1 Platon
100 0# - ENTRADA PRINCIPAL--NOMBRE DE PERSONA
Nombre de persona Platón.
9 (RLIN) 92598
245 10 - MENCIÓN DEL TÍTULO
Título Dialogues apocryphes /
Mención de responsabilidad, etc. Platon ; texte traduit par Joseph Souilhé.
260 ## - PUBLICACIÓN, DISTRIBUCIÓN, ETC.
Lugar de publicación, distribución, etc. Paris :
Nombre del editor, distribuidor, etc. Les Belles Lettres,
Fecha de publicación, distribución, etc. 1930.
300 ## - DESCRIPCIÓN FÍSICA
Extensión 173 p., [1] h. ;
Dimensiones 20 cm.
490 1# - MENCIÓN DE SERIE
Mención de serie Collection des Universités de France
490 1# - MENCIÓN DE SERIE
Mención de serie Oeuvres complètes ;
Designación de volumen o secuencia 13, 3e partie
505 8# - NOTA DE CONTENIDO CON FORMATO
Nota de contenido con formato Contiene: T. XIII. 3e partie: Dialogues apocryphes : Du Juste ; De la Vertu ; Démodocos ; Sisyphe ; Eryxias ; Axiochos.
830 0# - PUNTO DE ACCESO ADICIONAL DE SERIE-TÍTULO UNIFORME
Título uniforme Collection des Universités de France
9 (RLIN) 180876
830 0# - PUNTO DE ACCESO ADICIONAL DE SERIE-TÍTULO UNIFORME
Título uniforme Oeuvres complètes ;
Designación de volumen o secuencia 13, 3e partie
9 (RLIN) 185724
852 4# - LOCALIZACIÓN
Ubicación ES-MaACL
Número de control de estantería E-12527
itemnumber R.140138
Nota libre . - Biblioteca Jacinto Martínez Lacalle
Holdings
Estatus retirado Estado de pérdida Estado de daño No para préstamo Biblioteca de origen Biblioteca actual Ubicación en estantería Fecha de adquisición Fuente de adquisición Total de préstamos Signatura topográfica completa Código de barras Visto por última vez Precio de reemplazo Tipo de ítem Koha
        Biblioteca del Ateneo de Madrid Biblioteca del Ateneo de Madrid Depósito 2 24/03/2009     E-12527 1179054 23/02/2023 23/02/2023 Libro impreso